| 000 | 00531nam a2200205 i 4500 | ||
|---|---|---|---|
| 001 | 17178 | ||
| 003 | ES-MaACL | ||
| 005 | 20230906151522.0 | ||
| 007 | t| | ||
| 008 | 010112s1996 mx ||||1| spa d | ||
| 080 | _a821.134.2(72)-32"19" | ||
| 100 | 1 |
_aCuevas, Roberto. _942105 |
|
| 245 | 1 | 0 |
_aNaolinco / _cRoberto Cuevas. |
| 260 |
_aQuerétaro : _bPapuras, _c1996. |
||
| 300 |
_a23 cm ; _c22 cm. |
||
| 490 | 1 | _aAhí les va | |
| 830 | 0 |
_aAhí les va _9180251 |
|
| 852 |
_aES-MaACL _j2161-F-16 _bR.126321 |
||
| 999 |
_c17178 _d17178 |
||